| 000 | 00698nam a22001817a 4500 | ||
|---|---|---|---|
| 003 | UA-OsUOA | ||
| 001 | 6531 | ||
| 007 | ta | ||
| 008 | 20040505b un ||||| |||| 00| 0 ukr d | ||
| 100 | _aКомзюк А. | ||
| 942 | _cSA | ||
| 040 |
_aUA-OsUOA _cUA-OsUOA _dUA-OsUOA |
||
| 245 | _aАдміністративний примус : деякі загальні проблеми дослідження та правового регулювання в контексті забезпечення прав людини | ||
| 300 | _aС.46-49 | ||
| 955 | _a0 | ||
| 773 | 0 |
_w0 _tПраво України _dКиїв _d2004 _gN4 |
|
| 650 | 7 |
_aАдміністративна відповідальність _2UDC |
|
| 999 |
_c292692 _d292692 |
||